The Discipline of Market Leaders / Choose Your Customers, Narrow Your Focus, Dominate Your Market (Record no. 2835)
[ view plain ]
| 000 -LEADER | |
|---|---|
| fixed length control field | 01501cam a22002294a 4500 |
| 005 - ΗΜΕΡΟΜΗΝΙΑ ΚΑΙ ΩΡΑ ΤΕΛΕΥΤΑΙΑΣ ΕΝΗΜΕΡΩΣΗΣ | |
| Πεδίο ελέγχου | 20250605164054.0 |
| 008 - FIXED-LENGTH DATA ELEMENTS--GENERAL INFORMATION | |
| Πεδίο ελέγχου σταθερού μήκους | 250528s ||||||||||||||||||||||||d |
| 035 ## - SYSTEM CONTROL NUMBER | |
| System control number | 17414 |
| 020 ## - ISBN | |
| ISBN | 201407191 |
| 040 ## - ΠΗΓΗ ΚΑΤΑΛΟΓΟΓΡΑΦΗΣΗΣ | |
| Φορέας πρωτότυπης καταλογογράφησης | MC Athens Campus Library |
| Γλώσσα καταλογογράφησης | Ελληνικά, Μοντέρνα (1453-) |
| Modifying agency | MC Athens Campus Library |
| Κανόνες περιγραφικής καταλογογράφησης | AACR2 |
| 245 1# - ΤΙΤΛΟΣ ΚΑΙ ΔΗΛΩΣΗ ΥΠΕΥΘΥΝΟΤΗΤΑΣ | |
| Τίτλος | The Discipline of Market Leaders / Choose Your Customers, Narrow Your Focus, Dominate Your Market |
| 250 ## - EDITION STATEMENT | |
| Edition statement | 1st |
| 260 ## - PUBLICATION, DISTRIBUTION, ETC. | |
| Name of publisher, distributor, etc. | Basic Books, Inc., |
| Date of publication, distribution, etc. | 1995 |
| 300 ## - PHYSICAL DESCRIPTION | |
| Extent | 210 |
| 505 0# - FORMATTED CONTENTS NOTE | |
| Formatted contents note | Acknowledgements, Introduction, How to Fail in Business without Even Trying, The New Rules of Competition, The Winner's Choice, The Discipline of Operational Excellence, One Company's Experience, The Discipline of Product Leaders, One Company's Experience and Intel Corporation, The Discipline of Customer Intimacy, One Company's Experience, Setting Your Value Discipline Agenda, Creating the Cult of the Customer, Sustaining the Lead, Epilogue, Index. |
| 520 ## - SUMMARY, ETC. | |
| Summary, etc. | Acknowledgements, Introduction, How to Fail in Business without Even Trying, The New Rules of Competition, The Winner's Choice, The Discipline of Operational Excellence, One Company's Experience, The Discipline of Product Leaders, One Company's Experience and Intel Corporation, The Discipline of Customer Intimacy, One Company's Experience, Setting Your Value Discipline Agenda, Creating the Cult of the Customer, Sustaining the Lead, Epilogue, Index. |
| 700 1# - ΠΡΟΣΘΕΤΗ ΑΝΑΓΡΑΦΗ--ΦΥΣΙΚΟ ΠΡΟΣΩΠΟ | |
| Personal name | Treacy Michael |
| 9 (RLIN) | 3552 |
| 700 1# - ΠΡΟΣΘΕΤΗ ΑΝΑΓΡΑΦΗ--ΦΥΣΙΚΟ ΠΡΟΣΩΠΟ | |
| Personal name | Wiersema Fred |
| 9 (RLIN) | 3571 |
| 942 ## - ADDED ENTRY ELEMENTS (KOHA) | |
| Koha item type | Books |
| Τύπος τεκμηρίου | Βιβλιοθήκη | Τρέχουσα τοποθεσία | Barcode | Αριθμός εισαγωγής | Ημερομηνία απόκτησης | Ταξιθετικό σύμβολο | Αριθμός αντιτύπου | Κατάσταση απόσυρσης | Κατάσταση χαμένου | Κατάσταση κατεστραμμένου | Μη δανεισμός | Σύνολο δανεισμών | Ημερομηνία τελευταίας εμφάνισης | Η τιμή ισχύει από |
|---|---|---|---|---|---|---|---|---|---|---|---|---|---|---|
| Books | MC Athens Campus Library | MC Athens Campus Library | 9780000028341 | 5649 | 05/06/2025 | 658.8 TRE | 1 | 05/06/2025 | 05/06/2025 |